000 00650nam a2200229Ia 4500
003 OSt
005 20220926022802.0
006 a|||||r|||| 00| 0
007 ta
008 220923b |||||||| |||| 00| 0 eng d
037 _cGeneral Book
040 _aRTL
_cRTL
_beng
041 _2eng
_aeng
082 _aU2, L1
100 _aMeyer Alfred Ed.
_994803
245 0 _aEncountering the enviroment
_b Articles from natural
260 _aNew York
_bVan Nostrand USA
_c1971
300 _avii,212p. Bib p. 209-12
_ccm.
650 _aPhysical Geography
942 _hU2, L1
_cGB
_2CC
999 _c640281
_d640281